| 000 | 01335aam a2200325 i 4500 | ||
|---|---|---|---|
| 999 |
_c35892 _d35892 |
||
| 001 | 768714001 | ||
| 003 | CO-MdFUSB | ||
| 005 | 20200810143128.0 | ||
| 007 | ta | ||
| 008 | 200810t1992 -us |||| |||| 00| 0 spa d | ||
| 020 | _a1560632534 | ||
| 040 |
_bspa. _aCO-MdFUSB _cCO-MdFUSB _dCO-MdFUSBC _erda |
||
| 041 |
_aspa _heng |
||
| 082 | 0 | 4 |
_223 _a248.4 _bH6638u |
| 100 | 1 |
_aHinn, Benny _eautor |
|
| 240 | _aThe anointing | ||
| 245 | 1 | 3 |
_aLa unción _c/ Benny Hinn ; traducido por Concepcion Montiel |
| 264 | 1 |
_aEstados Unidos : _bUnilit, _c[1992] |
|
| 264 | 4 | _c© 1992 | |
| 300 |
_a185 Páginas _c; 21 cm |
||
| 336 |
_atexto _btxt _2rdacontent |
||
| 337 |
_2rdamedia _asin mediación _bn |
||
| 338 |
_2rdacarrier _avolumen _bnc |
||
| 505 | _aDesastre en Detroit. -- El regalo más valioso. -- En el principio. -- Por fin una respuesta. -- No es por fuerza. -- Una mujer de Dios extraordinaria. -- ¿Qué es esto? -- Debes tenerlo. -- Tres unciones. -- Esto no comenzó ayer. -- Jesús el YO SOY. -- Es para ti- ahora. -- Dos doctrinas básicas profundas. -- El ejemplo de Jesús. -- Cambia tu aceite. -- Una doble porción. -- ¿Estás dispuesto a pagar el precio? | ||
| 563 | _aRústico | ||
| 650 | 0 |
_aVida cristiana _919 |
|
| 700 |
_94767 _aMontiel D., Ma. Concepción _etraductor |
||
| 942 | _cBK | ||
| 945 | _aJTF-925 | ||